1502-えちごトキめき鉄道の駅 - Statistics

General Stats
  • This quiz has been taken 256 times
  • The average score is 18 of 23
Answer Stats
本線 % Correct
直江津
99%
直江津
99%
糸魚川
97%
妙高高原
96%
上越妙高
94%
市振
90%
高田
88%
新井
85%
春日山
82%
筒石
81%
親不知
80%
二本木
78%
青海
77%
能生
76%
南高田
75%
えちご押上ひすい海岸
73%
北新井
72%
名立
66%
梶屋敷
62%
谷浜
62%
関山
62%
有間川
61%
浦本
53%
No matching quizzes found
Score Distribution
Percent of People with Each Score
Percentile by Number Answered
Your Score History
You have not taken this quiz